| 000 | 00486nam a2200145Ia 4500 | ||
|---|---|---|---|
| 008 | 240729s9999 xx 000 0 und d | ||
| 022 | _a1058-6768 | ||
| 245 | 0 | _aLIBRES: Library and Information Science Research Electronic Journal | |
| 260 | _aSingapore | ||
| 260 | _bNanyang Technological University, Singapore | ||
| 650 | _aBibliography. Library science. Information resources | ||
| 856 | _uhttps://doaj.org/toc/9ed718a70cd24bdd9a850d505fedb9b9 | ||
| 942 | _2ddc | ||
| 942 | _cDOAJEJ | ||
| 999 |
_c66708 _d66708 |
||
| 945 |
_a1 _bMadushi Gamage _c1 _dMadushi Gamage |
||